| 000 | 01026nam a22002057a 4500 | ||
|---|---|---|---|
| 999 |
_c57267 _d57267 |
||
| 003 | Ge_BSU | ||
| 005 | 20200130114658.0 | ||
| 008 | 200130s2005 ||||| |||| 00| 0 geo d | ||
| 020 | _a9994035908 | ||
| 041 | _ageo | ||
| 080 | _a622.24:550.835(075.8) ჯ-14 | ||
| 100 |
_aჯავახიშვილი, ლ. _96522 |
||
| 245 |
_aსარეწაო გეოფიზიკა : _bნაწ. 2 / _c ლ. ჯავახიშვილი ; ნ. ხუნდაძე ; რედ. ლ. ჭანტურიშვილი. |
||
| 264 |
_aთბილისი : _bტექნ. უნ-ტი, _c2005. |
||
| 300 |
_a120 გვ. : _b ნახ. _c23 სმ. |
||
| 653 | _aსარეწაო გეოფიზიკის სახელმძღვანელოები უმაღლესი სასწავლებლებისათვის. | ||
| 700 |
_a ხუნდაძე, ნ _96523 |
||
| 700 |
_aჭანტურიშვილი, ლ _eრედაქტორი _96524 |
||
| 942 |
_2udc _cBK |
||